000 00588nam a2200193Ia 4500
003 GCL
008 140319s9999 xx 000 0 eng d
040 _aGCL /
_cGCL
082 0 4 _a892.7
_bA D
100 1 _aAYYAD, SHUKRY
245 1 0 _aREFLECTIONS AND DEFELCTIONS: ASTUDY OF THE CONTEMPORARY ARAB MIND THROUGH ITS LITERARY GREATIONS /
_cAYYAD, SHUKRY
700 1 _aWITHERSPOON, NANCY
260 _a[S.N] :
_bFOREIGN INVESTMENT ADIRSORY SERVICE ،
_c1986
300 _a363 P
650 0 4 _aARABIC LITERATURE
650 0 4 _aARABIC POETRY
650 0 4 _aARABIC FICTION
942 _2ddc
_cBK
999 _c10186
_d10186